Basic electrical and electronics engineering / (Record no. 181129)
[ view plain ]
| 000 -LEADER | |
|---|---|
| fixed length control field | 01129 a2200217 4500 |
| 003 - CONTROL NUMBER IDENTIFIER | |
| control field | Nust |
| 005 - DATE AND TIME OF LATEST TRANSACTION | |
| control field | 20221117130938.0 |
| 010 ## - LIBRARY OF CONGRESS CONTROL NUMBER | |
| LC control number | 87002922 |
| 020 ## - INTERNATIONAL STANDARD BOOK NUMBER | |
| International Standard Book Number | 007055627X |
| 040 ## - CATALOGING SOURCE | |
| Transcribing agency | Nust |
| 082 00 - DEWEY DECIMAL CLASSIFICATION NUMBER | |
| Classification number | 621.38,KUM |
| 100 1# - MAIN ENTRY--PERSONAL NAME | |
| Personal name | Kumar,K Murugesh |
| 9 (RLIN) | 102852 |
| 245 10 - TITLE STATEMENT | |
| Title | Basic electrical and electronics engineering / |
| Statement of responsibility, etc. | K Murugesh Kumar |
| 260 ## - PUBLICATION, DISTRIBUTION, ETC. | |
| Place of publication, distribution, etc. | New Delhi |
| Name of publisher, distributor, etc. | Vikas publishing house |
| Date of publication, distribution, etc. | 2001. |
| 300 ## - PHYSICAL DESCRIPTION | |
| Extent | x, 411 p. : |
| Other physical details | ill. (some col.) ; |
| Dimensions | 27 cm. |
| 505 ## - FORMATTED CONTENTS NOTE | |
| Formatted contents note | Basics of Electrical Engineering (Page-1), DC Circuits (Page-17), AC Circuits (Page-35), Magnetic Circuits (Page-77), Principles of Electrical Machines (Page-91), Electrical Machines (Page-113), Measuring Instruments (Page-159), Domestic Wiring (Page-175), Power System (Page-189), Passive Electronic Components (Page-199), Basic Semiconductor Devices and Circuits (Page-215), Special Semiconductor Devices (Page-257), Transducers (Page-271), Linear and Digital Integrated Circuits (Page-285), Fundamentals of Computers (Page-315). |
| 650 #0 - SUBJECT ADDED ENTRY--TOPICAL TERM | |
| Topical term or geographic name entry element | Electrical engineering. |
| 650 #0 - SUBJECT ADDED ENTRY--TOPICAL TERM | |
| Topical term or geographic name entry element | Electronics. |
| 700 1# - ADDED ENTRY--PERSONAL NAME | |
| Personal name | Fowler, Richard J. |
| 9 (RLIN) | 59731 |
| 942 ## - ADDED ENTRY ELEMENTS (KOHA) | |
| Source of classification or shelving scheme | |
| Koha item type | Book |
| Withdrawn status | Lost status | Source of classification or shelving scheme | Damaged status | Not for loan | Permanent Location | Current Location | Shelving location | Date acquired | Full call number | Barcode | Date last seen | Price effective from | Koha item type | Public note |
|---|---|---|---|---|---|---|---|---|---|---|---|---|---|---|
| Military College of Signals (MCS) | Military College of Signals (MCS) | General Stacks | 12/12/2016 | 621.38,KUM | MCS30273 | 12/08/2016 | 12/12/2016 | Book | Almirah No.30, Shelf No.5 |
